Statistics for Countries Claiming Antarctica

Click here to take the quiz!

General Stats

  • This quiz has been taken 45 times
  • The average score is 6 of 7

Answer Stats

HintAnswer% Correct
5,896,000Australia
94%
1,710,000United Kingdom
94%
1,460,000Argentina
90%
1,250,000Chile
87%
432,000France
84%
450,000New Zealand
84%
2,700,000*Norway
65%

Score Distribution

Percentile by Number Answered

Percent of People with Each Score

Your Score History

You have not taken this quiz